000 00341nam a22001337a 4500
082 _a823
_bPRAN/C
100 _aPRAN
245 _aCHACHA CHAUDHARY AND MIGHTY ROBOT
246 _aCHACHA CHAUDHARY AND MIGHTY ROBOT
_bCHACHA CHAUDHARY AND MIGHTY ROBOT
260 _aNEW DELHI
_bDIAMOND
300 _a48
650 _aENGLISH COMICS
942 _cBK
999 _c8645
_d8645